La Finzione Di Maria

Saved in:
书目详细资料
主要作者: Fulvio Tomizza
格式: 图书
语言:Undetermined
出版: Edizione Club
标签: 添加标签
没有标签, 成为第一个标记此记录!

MARC

LEADER 00000nam a2200000Ia 4500
001 R-1750
003 CODICE-MESSINA
005 20260212102512.0
008 260211s9999 xx 000 0 und d
040 |c importazione_messina 
100 |a Fulvio Tomizza 
245 0 |a La Finzione Di Maria 
260 |b Edizione Club 
942 |2 ddc  |c BK 
952 |0 0  |1 0  |2 ddc  |4 0  |6 SCAFFALE_18_000000000000000__STANZA_2__LETTERATURA  |7 0  |9 32591  |a ME  |b ME  |d 2026-02-11  |l 0  |o SCAFFALE 18 - STANZA 2 - LETTERATURA  |p R-1750  |r 2026-02-11 23:53:17  |w 2026-02-11  |x [REVISIONARE]  |y BK 
999 |c 28258  |d 28258